|
|
|
|
| LEADER |
01949cas a2200277 a 4500 |
| 001 |
AALejournalIMF004685 |
| 008 |
230101c9999 xx r poo 0 0eng d |
| 020 |
|
|
|c 5.00 USD
|
| 020 |
|
|
|z 9781451865707
|
| 022 |
|
|
|a 1018-5941
|
| 040 |
|
|
|a BD-DhAAL
|c BD-DhAAL
|
| 100 |
1 |
|
|a Elekdag, Selim.
|
| 245 |
1 |
0 |
|a Can a Rule-Based Monetary Policy Framework Work in a Developing Country? :
|b The Case of Yemen /
|c Selim Elekdag, Nabil Ben Ltaifa, Todd Schneider, Saade Chami.
|
| 264 |
|
1 |
|a Washington, D.C. :
|b International Monetary Fund,
|c 2007.
|
| 300 |
|
|
|a 1 online resource (28 pages)
|
| 490 |
1 |
|
|a IMF Working Papers
|
| 500 |
|
|
|a <strong>Off-Campus Access:</strong> No User ID or Password Required
|
| 500 |
|
|
|a <strong>On-Campus Access:</strong> No User ID or Password Required
|
| 506 |
|
|
|a Electronic access restricted to authorized BRAC University faculty, staff and students
|
| 520 |
3 |
|
|a Monetary policy in Yemen is largely rudimentary and ad hoc in nature. The Central Bank of Yemen's (CBY) approach has been based on discretionary targeting of broad money without any clear target to anchor inflation expectations. This paper argues in favor of a new formal monetary policy framework for Yemen emphasizing a proactive and rule-based approach with a greater direct focus on price stability in the context of a flexible management of the exchange rate. Although, as in many developing countries, institutional capacity is a concern, adopting a more formal framework could impel the kind of changes that are required to strengthen the ability of the CBY in achieving low and stable rates of inflation over the medium term.
|
| 538 |
|
|
|a Mode of access: Internet
|
| 700 |
1 |
|
|a Ben Ltaifa, Nabil.
|
| 700 |
1 |
|
|a Chami, Saade.
|
| 700 |
1 |
|
|a Schneider, Todd.
|
| 830 |
|
0 |
|a IMF Working Papers; Working Paper ;
|v No. 2007/006
|
| 856 |
4 |
0 |
|z Full text available on IMF
|u http://elibrary.imf.org/view/journals/001/2007/006/001.2007.issue-006-en.xml
|z IMF e-Library
|